000 01163nam a2200325 i 4500
003 DO-SdBNP
005 20240305124236.0
006 a||||er|||| 00| 0
007 ta
008 230516e2022 dr |||e |||| 001 jdspa d
020 _a9789945635539
040 _aDO-SdBNP
_bspa
_cBNPHU
_erda
082 4 _aRD863.5
_bS587a
_222
100 1 _aSilverio, Leo
_eautor
_975122
245 1 0 _aAberrado placer:
_bmicrorrelatos /
_cLeo Silverio; pintura de portada, Rosa Esther Lamarche
264 3 1 _aSanto Domingo :
_bSantuario,
_c2022
300 _a104 páginas ;
_c22 cm.
336 _2rdaconten
_atexto
_btxt
337 _2rdamedia
_asin medición
_bn
338 _2rdacarreir
_avolumen
_bnc
500 _aIncluye datos biográficos del autor en la solapa de la cubierta
500 _aPintura de portada: " Cabra macabra" de Rosa Esther lamarche.
500 _aLa biblioteca posee un ejemplar auto biografiados por el autor.
590 _aInventariado 2023 / MF
650 4 _aCuentos dominicanos
650 4 _aLiteratura dominicana
700 1 _977725
_aLamarche, Rosa Esther
_epintura de portada
910 _aValidado. Control de calidad MFF
942 _2ddc
_cLBS1
999 _c53528
_d53528